El convenio de Estambul como marco de derecho antisubordiscriminatorio

Bibliographic Details
Main Author: Gil Ruiz, Juana
Format: eBook
Language:Spanish
Published: Madrid: Dykinson, 2018
Subjects:
Online Access:Acceso restringido

MARC

LEADER 00000nam a22000007a 4500
005 20181116222421.0
007 cr|||| ||||
008 181116s2018 es |||||s|||| 00||0 spa d
020 |a 978-84-9148-836-1 
035 |a 22404 
040 |a vLex 
090 |c 8305  |d 8305 
100 1 |a Gil Ruiz, Juana 
245 1 2 |a El convenio de Estambul como marco de derecho antisubordiscriminatorio  |h [Recurso electrn̤ico] /  |c Juana Gil Ruiz 
256 |a Servicio en ln̕ea 
260 |a Madrid:  |b Dykinson,  |c 2018 
300 |a 1 recurso electrn̤ico 
500 |a El conocido como Convenio de Estambul, ratificado por Espaą y en vigor desde el 1 de agosto de 2014, se erige en el primer instrumento de carc̀ter vinculante en el m̀bito europeo en materia de violencia contra la mujer y la violencia domštica y, en consecuencia, en el Tratado Internacional de mayor alcance para hacer frente a esta grave violacin̤ de los derechos humanos. Éste considera responsables a los Estados que por accin̤ u omisin̤ no respondan de manera adecuada al mandato de tolerancia cero con respecto a las violencias –en tanto que discriminaciones estructurales– hacia las mujeres. El Convenio contempla como delito otras formas (que no todas) de violencia hacia štas, ms̀ all ̀de la propinada en el contexto de pareja, tales como: la violencia fs̕ica, psicolg̤ica y sexual, incluida la violacin̤; la mutilacin̤ genital femenina, el matrimonio forzado, el acoso sexual y por razn̤ de sexo, el aborto forzado, y la esterilizacin̤ forzada entre otras. El objetivo general de este libro es analizar el tratamiento, seguimiento y apuesta jurd̕ica, polt̕ica e institucional de štas y otras Violencias de Gňero –como la trata–, con el objetivo, no sl̤o de seąlar sus deficiencias o bondades normativas y reglamentarias, sino de proponer alternativas de lege ferenda o planes estratǧicos sectoriales en su caso, que permitan la efectiva erradicacin̤ de esta lacra social conocida como Terrorismo de gňero. La necesidad de transponer las demandas comprometidas con el Convenio de Estambul –propias del nuevo Derecho antisubordiscriminatorio– y de su impulso nacional a travš del Pacto de Estado en materia de violencia de gňero, compele a abordarlo y a dar respuestas desde la Academia, desde un punto de vista transdisciplinar y bajo la n︢ica metodologa̕ desde la que se gesta: la metodologa̕ de gňero. 
506 1 |a Disponible solo en los productos indicados  |d vLex Global  |d vLex Global (Academic Edition, excluding Law Schools)  |d vLex Global (U.S. Academic Edition, Law Schools)  |d vLex Global (U.S. Academic Edition, excluding Law Schools)  |d vLex Global (Academic Edition, Law Schools) 
650 0 4 |a Derecho Internacional  |z Espaą 
650 0 4 |a Derecho Militar  |z Espaą 
740 0 |a vLex Libros (Servicio en ln̕ea) 
856 4 0 |u http://vlex.com/source/convenio-de-estambul-como-marco-de-derecho-antisubordiscriminatorio-22404  |z Acceso restringido 
942 |c BOOK 
999 0 |a International Law 
999 0 |a Military Law